00567nam a2200145Ia 4500008004100000040001700041041001200058082001700070100001900087245014500106300001100251942000700262952013500269999001700404230917s9999||||xx |||||||||||||| ||und|| e107425aMAIN aEnglish a615.842 S61E aSingh, Harmeet 0aEvoluation of proteolytic erizymes (Trypsin, chymotryprin and papain) as radiation effect modifies in locally advanced head and neck Cancers a166 p. cTH 0010406615_842000000000000_S61E709134895aMAINbMAINd2005-07-13l0o615.842 S61Ep169941r2023-09-17 21:02:53w2023-09-17yTH c89478d89478